000 00688nam a22001937a 4500
999 _c12136
_d12136
003 AR-CdUCM
008 190405b ||||| |||| 00| 0 spa d
040 _aMUNICIPALIDAD PROVINCIAL DEL CUSCO
_cBIBLIOTECA MUNICIPAL DEL CUSCO
082 _a100 /
_bF933 / 1945
100 _aFrondizi, Risieri
_929828
245 _aEl punto de partida del filosofar /
260 _aBuenos Aires :
_bLosada,
_c1945.
300 _a164 páginas ;
_c20 cm.
505 _aContenido: La filosofía como saber genuino -- El problema del punto de partida -- La experiencia como punto de partida ...
650 _aFilosofia
_9395
650 _aArgentina
_9511
942 _2ddc
_cLIBROS
945 _acmm
_d2019-04-05